[Event "msr_zs_ss_201819"]
[Site "?"]
[Date "2019.03.27"]
[Round "4.4"]
[White "Majirska, Karin"]
[Black "Roman, Filip"]
[Result "1-0"]
[WhiteElo "1478"]
[BlackElo "1316"]
[PlyCount "58"]
[EventDate "2019.??.??"]
[WhiteClock "0:00:18"]
[BlackClock "0:00:07"]

1. c4 e5 2. Nc3 Nf6 3. Nf3 Nc6 4. e4 Bc5 5. Nxe5 Nxe5 6. d4 Bxd4 7. Qxd4 Nc6 8.
Qd1 d6 9. Bg5 h6 10. Bh4 Qe7 11. Bd3 Bd7 12. Nd5 Qd8 13. Qb3 g5 14. Bg3 b6 15.
Qc3 Rg8 16. Nxf6+ Kf8 17. Nxg8 Kxg8 18. a3 Qe7 19. O-O Be6 20. Rfe1 Re8 21.
Rad1 Bg4 22. f3 Bh5 23. Bc2 f6 24. Ba4 Qd7 25. Qxf6 Re6 26. Qc3 a6 27. b4 Be8
28. Qd3 Qe7 29. Qd5 Na7 1-0

[Event "msr_zs_ss_201819"]
[Site "?"]
[Date "2019.03.27"]
[Round "4.5"]
[White "Solcan, Martin"]
[Black "Slovak, Pavol"]
[Result "1-0"]
[WhiteElo "1667"]
[BlackElo "1368"]
[PlyCount "71"]
[EventDate "2019.??.??"]
[WhiteClock "0:03:54"]
[BlackClock "0:01:38"]

1. d4 Nf6 2. c4 e6 3. Nf3 d5 4. Nc3 Bb4 5. e3 O-O 6. Bd3 c5 7. O-O cxd4 8. exd4
dxc4 9. Bxc4 b6 10. a3 Be7 11. Bf4 Bb7 12. Be2 Nd5 13. Bg3 Nd7 14. Rc1 N7f6 15.
Ne5 Nc7 16. Bf3 Ncd5 17. Re1 Nxc3 18. Rxc3 Bxf3 19. Qxf3 Nd5 20. Rc2 Rc8 21.
Rec1 Rxc2 22. Rxc2 Qa8 23. h3 b5 24. Nd7 Rd8 25. Nc5 b4 26. Be5 bxa3 27. Qxa3
Bf6 28. Rc4 Nb6 29. Rc1 Bxe5 30. dxe5 Rd5 31. f4 g5 32. Qg3 Qd8 33. Ne4 Rd1+
34. Rxd1 Qxd1+ 35. Kh2 Qh5 36. Nf6+ 1-0

[Event "msr_zs_ss_201819"]
[Site "?"]
[Date "2019.03.27"]
[Round "4.6"]
[White "Sobekova, Adela"]
[Black "Gallo, Gabriel"]
[Result "1/2-1/2"]
[WhiteElo "1236"]
[BlackElo "1474"]
[PlyCount "91"]
[EventDate "2019.??.??"]
[WhiteClock "0:01:31"]
[BlackClock "0:00:10"]

1. e4 e5 2. Nf3 Nc6 3. Bc4 Bc5 4. c3 Nf6 5. d4 exd4 6. cxd4 Bb4+ 7. Nc3 Nxe4 8.
O-O Nxc3 9. bxc3 Be7 10. Qb3 O-O 11. Re1 Na5 12. Qa4 Nxc4 13. Qxc4 d5 14. Qe2
Bf6 15. Bf4 c5 16. Ne5 cxd4 17. cxd4 Re8 18. Qf3 Be6 19. Rab1 Qa5 20. Red1 Bxe5
21. Bxe5 f6 22. Bd6 Rad8 23. Qg3 b6 24. Bc7 Rc8 25. Bd6 Rc6 26. Ra1 Rec8 27. h3
Qa4 28. Bf4 Rc4 29. Rdc1 Rxc1+ 30. Bxc1 Qxd4 31. Rb1 Qd1+ 32. Kh2 Rxc1 33. Qb8+
Kf7 34. Qxa7+ Kg6 35. Rxb6 Qh1+ 36. Kg3 Rc3+ 37. f3 Qe1+ 38. Kh2 Bxh3 39. Kxh3
Qh1+ 40. Kg3 Qe1+ 41. Kh3 Qh1+ 42. Kg3 Qe1+ 43. Kh3 Qh1+ 44. Kg3 Qe1+ 45. Kh3
Rc4 46. Kh2 1/2-1/2

[Event "msr_zs_ss_201819"]
[Site "?"]
[Date "2019.03.27"]
[Round "4.7"]
[White "Zilkay, Dominik"]
[Black "Osadsky, Jan"]
[Result "0-1"]
[WhiteElo "1435"]
[BlackElo "1235"]
[PlyCount "116"]
[EventDate "2019.??.??"]
[WhiteClock "0:00:39"]
[BlackClock "0:01:16"]

1. e4 e5 2. Nf3 Nc6 3. d4 exd4 4. Bc4 Bc5 5. c3 dxc3 6. Bxf7+ Kxf7 7. Qd5+ Ke8
8. Qh5+ g6 9. Qxc5 Nf6 10. Nxc3 d6 11. Qc4 Qe7 12. Nd5 Nxd5 13. Qxd5 Be6 14.
Qb5 Rb8 15. Bg5 Qg7 16. O-O Kd7 17. Rad1 a6 18. Qa4 Qxb2 19. Rd2 Qg7 20. e5 b5
21. Qf4 Rhf8 22. Qe3 Rfe8 23. Qa3 Nxe5 24. Nxe5+ Qxe5 25. h4 Rb6 26. Be3 Rc6
27. Rfd1 Bg4 28. Rc1 Qe4 29. Rxc6 Qxc6 30. Qd3 Bf5 31. Qd5 Qxd5 32. Rxd5 Kc6
33. Rd2 d5 34. Kf1 b4 35. Ke1 a5 36. Kd1 Rd8 37. Kc1 Rd7 38. g3 Kb5 39. Kb2 a4
40. a3 b3 41. Rd4 Be4 42. Rb4+ Ka5 43. Kc3 Rd6 44. Kd4 Rb6 45. Rxb6 cxb6 46.
Kc3 Kb5 47. Bd4 Kc6 48. Kb4 b5 49. Kc3 h6 50. Kb4 Bf3 51. Kc3 Be2 52. Kd2 Bc4
53. Kc3 Kd6 54. Be3 Ke6 55. Bxh6 Kf5 56. Be3 Kg4 57. Kb2 Kf5 58. Kc3 d4+ 0-1

[Event "msr_zs_ss_201819"]
[Site "?"]
[Date "2019.03.27"]
[Round "4.9"]
[White "Ganz, Marek"]
[Black "Tokarcik, Patrik"]
[Result "0-1"]
[WhiteElo "1473"]
[BlackElo "1361"]
[PlyCount "74"]
[EventDate "2019.??.??"]
[WhiteClock "0:00:12"]
[BlackClock "0:00:25"]

1. e4 d6 2. d4 Nf6 3. Nc3 g6 4. Bf4 Bg7 5. Nf3 O-O 6. h3 c6 7. Bc4 b5 8. Bd3
Qa5 9. O-O Re8 10. Re1 Nfd7 11. Bd2 Qb6 12. d5 cxd5 13. exd5 a6 14. Rb1 Nc5 15.
Bf1 Bf5 16. b3 Bd7 17. Ne2 e5 18. dxe6 Bxe6 19. Be3 Nc6 20. Ned4 Nxd4 21. Nxd4
Qc7 22. Nxe6 Rxe6 23. g3 Bc3 24. Re2 Bg7 25. Bg2 Rae8 26. Bxc5 Rxe2 27. Bxd6
Re1+ 28. Qxe1 Rxe1+ 29. Rxe1 Qxd6 30. Re2 Qd1+ 31. Bf1 Qa1 32. Re8+ Bf8 33. Ra8
Qxa2 34. Bd3 Qa5 35. Kg2 Qb6 36. Re8 Qc6+ 37. Re4 f5 0-1

[Event "msr_zs_ss_201819"]
[Site "?"]
[Date "2019.03.27"]
[Round "4.10"]
[White "Tokarcik, Jan"]
[Black "Vojtkova, Linda Bernadeta"]
[Result "1-0"]
[WhiteElo "1323"]
[BlackElo "1207"]
[PlyCount "71"]
[EventDate "2019.??.??"]
[WhiteClock "0:00:25"]
[BlackClock "0:00:08"]

1. e4 c5 2. Nf3 d6 3. d4 cxd4 4. Nxd4 Nf6 5. Nc3 Nc6 6. Nf3 e5 7. Bb5 Be7 8.
Be3 a6 9. Ba4 O-O 10. O-O b5 11. Bb3 Be6 12. Nd5 Bxd5 13. exd5 Nb8 14. Rc1 Nbd7
15. c4 Rc8 16. Qe2 b4 17. Bd2 Qb6 18. Ba4 Nc5 19. Bc6 a5 20. Rc2 h6 21. Qe1
Rfd8 22. a3 b3 23. Bxa5 Qa7 24. Bxd8 Bxd8 25. Re2 Ba5 26. Qd1 Nfe4 27. Qc1 Rb8
28. Qb1 Nc3 29. bxc3 Bxc3 30. Rc1 Qxa3 31. Rxc3 Qb4 32. Rc1 Qa3 33. Rb2 Qb4 34.
Qa1 Qb6 35. Qa3 Nd3 36. Qa1 1-0

[Event "msr_zs_ss_201819"]
[Site "?"]
[Date "2019.03.27"]
[Round "4.11"]
[White "Dzivak, Jan"]
[Black "Tokarcikova, Diana"]
[Result "1-0"]
[WhiteElo "1386"]
[BlackElo "1358"]
[PlyCount "77"]
[EventDate "2019.??.??"]
[WhiteClock "0:03:50"]
[BlackClock "0:00:14"]

1. e4 e5 2. Nf3 Nc6 3. Nc3 Nf6 4. Bc4 Bc5 5. d3 d6 6. h3 O-O 7. Bg5 h6 8. Bh4
Be6 9. Bd5 Rb8 10. O-O Nb4 11. Bxe6 fxe6 12. a3 Nc6 13. Ne2 Qd7 14. Qd2 d5 15.
exd5 exd5 16. Qc3 Bd6 17. Rfe1 Rbe8 18. Bg3 Nh5 19. Rad1 Nxg3 20. Nxg3 Qf7 21.
b4 a6 22. Qb2 Qg6 23. c4 d4 24. c5 Be7 25. Qb3+ Kh8 26. Nxe5 Nxe5 27. Rxe5 Bd6
28. Rxe8 Rxe8 29. Qb2 Bxg3 30. fxg3 Qf6 31. Rf1 Qe5 32. Rf4 Qe3+ 33. Kh2 Qxd3
34. Rxd4 Qf5 35. Rf4 Qd5 36. Qf2 Kh7 37. Rf7 Rg8 38. Qf5+ Kh8 39. Qxd5 1-0

[Event "msr_zs_ss_201819"]
[Site "?"]
[Date "2019.03.27"]
[Round "4.12"]
[White "Balon, Peter"]
[Black "Porubcin, Tomas"]
[Result "0-1"]
[WhiteElo "1000"]
[BlackElo "1000"]
[PlyCount "90"]
[EventDate "2019.??.??"]
[WhiteClock "0:04:29"]
[BlackClock "0:01:40"]

1. e4 e5 2. Nc3 Nf6 3. Bc4 Nc6 4. d3 Bc5 5. Bg5 h6 6. Bh4 g5 7. Bg3 d6 8. Nf3
Bg4 9. h3 Bh5 10. Bh2 Nd4 11. Nxd4 Bxd1 12. Rxd1 Bxd4 13. Bd5 c6 14. Bc4 Qc7
15. O-O Bxc3 16. bxc3 O-O-O 17. d4 Rhf8 18. dxe5 dxe5 19. Rb1 Rd7 20. Rb3 Rfd8
21. Bg3 Rd1 22. Rxd1 Rxd1+ 23. Kh2 h5 24. Be2 Re1 25. Bd3 Nxe4 26. Bxe4 Rxe4
27. Ra3 a6 28. f3 Re1 29. Bxe1 Qd6 30. Ra5 f6 31. Bg3 h4 32. Bf2 e4+ 33. Kg1
Qd2 34. fxe4 Qxc3 35. Rc5 Qa1+ 36. Kh2 Qxa2 37. Bd4 Qa3 38. Rc3 Qd6+ 39. Kh1
Qxd4 40. Rf3 Qxe4 41. Rxf6 Qxc2 42. Rf8+ Kc7 43. Rg8 Qc1+ 44. Kh2 b5 45. Rxg5
Qxg5 0-1

[Event "msr_zs_ss_201819"]
[Site "?"]
[Date "2019.03.27"]
[Round "4.13"]
[White "Elias, David"]
[Black "Greno, Pavol"]
[Result "0-1"]
[WhiteElo "1454"]
[BlackElo "1351"]
[PlyCount "108"]
[EventDate "2019.??.??"]
[WhiteClock "0:02:16"]
[BlackClock "0:01:54"]

1. d4 Nf6 2. Nf3 g6 3. e3 Bg7 4. Bd3 d6 5. O-O O-O 6. Nbd2 Nc6 7. e4 e5 8. dxe5
dxe5 9. Bb5 Bg4 10. h3 Bxf3 11. Nxf3 Nxe4 12. Bxc6 bxc6 13. Qe2 f5 14. Rd1 Qe8
15. Be3 Nd6 16. Bc5 e4 17. Nd4 Rd8 18. c3 a5 19. Qa6 Bxd4 20. Rxd4 Ra8 21. Qe2
Rf6 22. Rad1 Rd8 23. Ba3 Nb7 24. Qc4+ Kg7 25. Rxd8 Nxd8 26. Bc5 Ne6 27. Bd4
Nxd4 28. Qxd4 Qe6 29. Qd7+ Qxd7 30. Rxd7+ Rf7 31. Rxf7+ Kxf7 32. b4 axb4 33.
cxb4 Ke6 34. a4 Kd5 35. Kf1 c5 36. b5 c4 37. Ke2 Kc5 38. Kd2 Kb4 39. b6 cxb6
40. a5 Kxa5 41. Kc3 Kb5 42. f3 Kc5 43. h4 e3 44. g4 b5 45. h5 fxg4 46. hxg6
hxg6 47. fxg4 b4+ 48. Kc2 Kd4 49. Kd1 Kd3 50. Kc1 e2 51. Kb2 e1=Q 52. Ka2 Qd2+
53. Kb1 b3 54. Ka1 Qa2# 0-1

[Event "msr_zs_ss_201819"]
[Site "?"]
[Date "2019.03.27"]
[Round "4.14"]
[White "Simon, Leonard"]
[Black "Cuker, Oliver"]
[Result "1/2-1/2"]
[WhiteElo "1375"]
[BlackElo "1328"]
[PlyCount "69"]
[EventDate "2019.??.??"]
[WhiteClock "0:00:55"]
[BlackClock "0:01:03"]

1. d4 Nf6 2. Nf3 d6 3. Bf4 g6 4. e3 Bg7 5. Be2 Nbd7 6. c3 O-O 7. O-O c5 8. h3
Nd5 9. Bg3 N7f6 10. Bd3 a6 11. Re1 b5 12. c4 bxc4 13. Bxc4 cxd4 14. Nxd4 Bb7
15. Nd2 Rc8 16. Qb3 Qb6 17. Qxb6 Nxb6 18. Bd3 Rc7 19. Rac1 Rfc8 20. Rxc7 Rxc7
21. N4f3 Nfd7 22. b3 Nc5 23. Bb1 Rc8 24. Bh4 e6 25. Bg3 d5 26. Be5 Bxe5 27.
Nxe5 Nbd7 28. Ndf3 Nf6 29. Nd4 Nce4 30. Bd3 Nc3 31. a3 Nce4 32. Ne2 Nc3 33. Kf1
Nce4 34. Kg1 Nc3 35. Kf1 1/2-1/2

[Event "msr_zs_ss_201819"]
[Site "?"]
[Date "2019.03.27"]
[Round "4.15"]
[White "Magda, Filip"]
[Black "Kuzma, Samuel"]
[Result "0-1"]
[WhiteElo "1182"]
[BlackElo "1394"]
[PlyCount "62"]
[EventDate "2019.??.??"]
[WhiteClock "0:00:56"]
[BlackClock "0:04:54"]

1. e4 e6 2. d4 d5 3. exd5 exd5 4. Nc3 c6 5. Bd3 Nf6 6. Bg5 Be7 7. Nf3 O-O 8.
O-O h6 9. Bh4 Bg4 10. h3 Be6 11. Qe2 Re8 12. Rfe1 Nbd7 13. Rad1 Bd6 14. Qd2 Qc7
15. a3 Bf4 16. Qe2 Bxh3 17. Qf1 Bg4 18. Be2 Ne4 19. Nxe4 Rxe4 20. Nd2 Bxd2 21.
Rxd2 Rae8 22. f3 Bxf3 23. Qxf3 Rxh4 24. Kf2 Rf4 25. Qxf4 Qxf4+ 26. Kg1 Qxd2 27.
Kf2 Qxd4+ 28. Kf1 Nf6 29. c3 Qe3 30. b4 Ng4 31. Bxg4 Qxe1# 0-1

[Event "msr_zs_ss_201819"]
[Site "?"]
[Date "2019.03.27"]
[Round "4.16"]
[White "Sekova, Olivia"]
[Black "Cukerova, Livia"]
[Result "1-0"]
[WhiteElo "1081"]
[BlackElo "1369"]
[PlyCount "59"]
[EventDate "2019.??.??"]
[WhiteClock "0:00:34"]
[BlackClock "0:00:11"]

1. e4 c5 2. Nf3 d6 3. d4 cxd4 4. Nxd4 Nf6 5. Nc3 Nc6 6. Be3 g6 7. Bb5 Bd7 8.
Bxc6 Bxc6 9. Nxc6 bxc6 10. Qf3 Bg7 11. e5 dxe5 12. Qxc6+ Nd7 13. O-O-O O-O 14.
Rxd7 Qe8 15. Nd5 Bf6 16. Nc7 Qc8 17. Rhd1 Rb8 18. Qd5 e6 19. Qc5 a6 20. Qa7 Rb7
21. Qc5 Rd8 22. Rxd8+ Bxd8 23. Nxa6 Qa8 24. Bh6 Bf6 25. Rd6 Be7 26. Qc6 Bxd6
27. Qxd6 f6 28. Qxe6+ Kh8 29. Qxf6+ Rg7 30. Qxg7# 1-0

[Event "msr_zs_ss_201819"]
[Site "?"]
[Date "2019.03.27"]
[Round "5.1"]
[White "Kovac, Ondrej"]
[Black "Volcko, Richard"]
[Result "1-0"]
[WhiteElo "1763"]
[BlackElo "1835"]
[PlyCount "49"]
[EventDate "2019.??.??"]
[WhiteClock "0:00:11"]
[BlackClock "0:00:06"]

1. d4 Nf6 2. Bf4 g6 3. Nc3 d5 4. f3 Bg7 5. e4 e6 6. Qd2 c5 7. Nb5 Na6 8. Nd6+
Kf8 9. e5 Nd7 10. Bxa6 bxa6 11. c3 h6 12. h4 a5 13. Qe3 Qb6 14. b3 Ba6 15. Ne2
Kg8 16. Kf2 Bf8 17. h5 g5 18. Bxg5 hxg5 19. Qxg5+ Kh7 20. Nxf7 Rg8 21. Qe3 cxd4
22. cxd4 Rc8 23. Rac1 Bg7 24. Qg5 Rxc1 25. Qg6# 1-0

[Event "msr_zs_ss_201819"]
[Site "?"]
[Date "2019.03.27"]
[Round "5.2"]
[White "Ferkova, Dominika"]
[Black "Stauder, Matej"]
[Result "0-1"]
[WhiteElo "1766"]
[BlackElo "1483"]
[PlyCount "54"]
[EventDate "2019.??.??"]
[WhiteClock "0:00:20"]
[BlackClock "0:00:49"]

1. d4 Nf6 2. c4 g6 3. Nc3 Bg7 4. e4 O-O 5. f3 d6 6. Be3 e5 7. d5 Nfd7 8. Bd3
Nc5 9. Bc2 a5 10. Nge2 f5 11. exf5 Bxf5 12. Bxf5 gxf5 13. Qd2 Nbd7 14. Bg5 Qe8
15. Bh6 e4 16. Bxg7 Nd3+ 17. Kd1 Kxg7 18. Rf1 Qg6 19. Ng3 N7c5 20. Kc2 Rae8 21.
fxe4 fxe4 22. Rxf8 Rxf8 23. Rf1 e3 24. Qxe3 Nb4+ 25. Kd1 Qc2+ 26. Ke1 Ncd3+ 27.
Qxd3 Nxd3# 0-1

[Event "msr_zs_ss_201819"]
[Site "?"]
[Date "2019.03.27"]
[Round "5.3"]
[White "Sivcak, Matej"]
[Black "Billy, Benedikt"]
[Result "1-0"]
[WhiteElo "1281"]
[BlackElo "1414"]
[PlyCount "83"]
[EventDate "2019.??.??"]
[WhiteClock "0:01:08"]
[BlackClock "0:09:27"]

1. e4 e5 2. f4 exf4 3. Bc4 Nf6 4. Nc3 d6 5. d4 c6 6. Bxf4 Be7 7. Nf3 O-O 8. O-O
b5 9. Bd3 Bg4 10. h3 Bxf3 11. Qxf3 b4 12. Ne2 a5 13. Ng3 Nfd7 14. Nf5 Nb6 15.
Qg3 g6 16. Nxe7+ Qxe7 17. Bxd6 Qd8 18. Bxf8 Qxd4+ 19. Qf2 Qxf2+ 20. Rxf2 Kxf8
21. Raf1 Ra7 22. e5 Nd5 23. Bc4 Ne3 24. Rxf7+ Rxf7 25. Rxf7+ Ke8 26. Rxh7 Nxc4
27. Rh8+ Kd7 28. Rxb8 Nxb2 29. Rg8 Nc4 30. Rxg6 Nxe5 31. Rg7+ Kd6 32. Ra7 Nc4
33. Ra6 Kc5 34. h4 Ne3 35. Rxa5+ Kc4 36. h5 Nxc2 37. h6 c5 38. h7 Kd3 39. h8=Q
c4 40. Rd5+ Ke2 41. Qh5+ Ke3 42. Qf3# 1-0

[Event "msr_zs_ss_201819"]
[Site "?"]
[Date "2019.03.27"]
[Round "5.4"]
[White "Roman, Filip"]
[Black "Cirska, Nina"]
[Result "1-0"]
[WhiteElo "1316"]
[BlackElo "1152"]
[PlyCount "78"]
[EventDate "2019.??.??"]
[WhiteClock "0:01:09"]
[BlackClock "0:00:07"]

1. e4 e5 2. Nf3 Nc6 3. Bb5 d6 4. Nc3 Nf6 5. h3 Bd7 6. O-O a6 7. Bxc6 Bxc6 8. d4
exd4 9. Nxd4 Qd7 10. Nxc6 Qxc6 11. Bg5 Be7 12. Re1 Qc5 13. Bf4 Rd8 14. Qe2 O-O
15. Rad1 c6 16. e5 dxe5 17. Qxe5 Qxe5 18. Bxe5 Rfe8 19. Rxd8 Rxd8 20. Bc7 Rd7
21. Be5 Kf8 22. Na4 Nd5 23. c4 Nb4 24. Nb6 Rd3 25. a3 Nc2 26. Bxg7+ Kxg7 27.
Rxe7 Rb3 28. Na4 Nd4 29. Kf1 Nf5 30. Rd7 b5 31. Nc5 Rxb2 32. cxb5 axb5 33. Ra7
Rc2 34. Nd7 Kg6 35. Ne5+ Kf6 36. Nxf7 Ra2 37. Nd8 Ra1+ 38. Ke2 Ra2+ 39. Ke1
Ra1+ 1-0

[Event "msr_zs_ss_201819"]
[Site "?"]
[Date "2019.03.27"]
[Round "5.5"]
[White "Ondo, Tomas"]
[Black "Slovak, Pavol"]
[Result "1-0"]
[WhiteElo "1844"]
[BlackElo "1368"]
[PlyCount "91"]
[EventDate "2019.??.??"]
[WhiteClock "0:02:33"]
[BlackClock "0:01:06"]

1. d4 Nf6 2. Bf4 e6 3. e3 d5 4. Nd2 c5 5. c3 Nc6 6. Bd3 Bd6 7. Bg3 O-O 8. Ngf3
Be7 9. Ne5 a6 10. O-O Nxe5 11. Bxe5 Bd6 12. f4 c4 13. Bc2 Qe7 14. Qf3 Nd7 15.
Qh3 g6 16. Qh6 f5 17. Rf3 Nf6 18. Bxf6 Qxf6 19. Rh3 Rf7 20. Rg3 Bf8 21. Qh3 Bd7
22. Nf3 b5 23. Ne5 Rg7 24. Rf3 Bd6 25. Rf2 b4 26. Qf3 a5 27. Nxc4 Ra6 28. Nxd6
Rxd6 29. cxb4 axb4 30. Bd3 Rb6 31. Rc2 Qd8 32. Rc5 Qa8 33. Qd1 Re7 34. Bc2 Bb5
35. Bb3 Qb7 36. Qd2 Ba6 37. Rac1 Kf7 38. Qe1 Qb8 39. Qh4 h5 40. Qg5 Rbb7 41.
Qh6 Rbd7 42. Qh7+ Kf6 43. Qh6 Rc7 44. Bd1 Rxc5 45. Rxc5 Bb5 46. Bxh5 1-0

[Event "msr_zs_ss_201819"]
[Site "?"]
[Date "2019.03.27"]
[Round "5.6"]
[White "Sobekova, Adela"]
[Black "Ihnat, Marek"]
[Result "0-1"]
[WhiteElo "1236"]
[BlackElo "1753"]
[PlyCount "78"]
[EventDate "2019.??.??"]
[WhiteClock "0:02:57"]
[BlackClock "0:00:15"]

1. e4 c5 2. Nf3 d6 3. Bb5+ Bd7 4. Bxd7+ Qxd7 5. d4 cxd4 6. Nxd4 Nf6 7. Nc3 g6
8. Be3 Bg7 9. Qd2 Ng4 10. O-O-O Nxe3 11. Qxe3 Nc6 12. Nf3 Rc8 13. Kb1 Qc7 14.
Ne2 O-O 15. Nf4 Qa5 16. Rd3 Bh6 17. Ra3 Qd8 18. g3 Qd7 19. Qb3 Bg7 20. Nd5 e6
21. Nb4 Nd4 22. Nxd4 Bxd4 23. f4 a6 24. c3 Bc5 25. Qa4 Qc7 26. Rb3 Rfd8 27. Nd3
Ba7 28. Qb4 Rb8 29. c4 Rdc8 30. Rc1 Rd8 31. e5 dxe5 32. Nxe5 Qc5 33. Qc3 Qe7
34. Qf3 Bd4 35. Rxb7 Qxb7 36. Qxb7 Rxb7 37. Nc6 Rd6 38. Na5 Rxb2+ 39. Ka1 Rb5+
0-1

[Event "msr_zs_ss_201819"]
[Site "?"]
[Date "2019.03.27"]
[Round "5.7"]
[White "Polak, Marcel"]
[Black "Osadsky, Jan"]
[Result "1-0"]
[WhiteElo "1550"]
[BlackElo "1235"]
[PlyCount "91"]
[EventDate "2019.??.??"]
[WhiteClock "0:01:59"]
[BlackClock "0:03:27"]

1. d4 d5 2. Bf4 Nf6 3. e3 Nc6 4. Nd2 g6 5. c3 Bg7 6. h4 Bg4 7. f3 Bd7 8. Bd3
Nh5 9. g4 Nxf4 10. exf4 Bh6 11. g5 Bg7 12. Qe2 Bf5 13. Bxf5 gxf5 14. h5 Qd7 15.
h6 Bf8 16. Qd3 e6 17. Ne2 O-O-O 18. Ng3 Bd6 19. Nh5 Be7 20. O-O-O Na5 21. Rhe1
Qa4 22. Kb1 Qc6 23. Ng7 Rd6 24. Nxf5 exf5 25. Rxe7 Rd7 26. Qxf5 Kd8 27. Rxf7
Rxf7 28. Qxf7 Qg6+ 29. Qxg6 hxg6 30. Re1 Nc6 31. Re6 Ne7 32. Nf1 Ke8 33. Ne3
Kf7 34. Rf6+ Kg8 35. f5 gxf5 36. Nxf5 Nxf5 37. Rxf5 Rh7 38. f4 Re7 39. Rxd5 Kh7
40. Rf5 Kg6 41. Rf6+ Kh5 42. Kc2 Kg4 43. g6 Kh5 44. g7 Re2+ 45. Kb3 Rg2 46. h7
1-0

[Event "msr_zs_ss_201819"]
[Site "?"]
[Date "2019.03.27"]
[Round "5.8"]
[White "Jelok, Simon"]
[Black "Majirska, Karin"]
[Result "0-1"]
[WhiteElo "1000"]
[BlackElo "1478"]
[PlyCount "75"]
[EventDate "2019.??.??"]
[WhiteClock "0:01:05"]
[BlackClock "0:00:16"]

1. e4 d5 2. Nc3 d4 3. Nb5 a6 4. Na3 e5 5. Nf3 Nc6 6. c3 Nf6 7. d3 Bg4 8. Be2
Be7 9. h3 Bh5 10. Nc4 Bxf3 11. Bxf3 b5 12. Na3 Qd7 13. cxd4 Nxd4 14. Bg4 Nxg4
15. hxg4 Rd8 16. f4 Bb4+ 17. Bd2 Bxd2+ 18. Qxd2 Qxg4 19. fxe5 Qg3+ 20. Kf1 Qxe5
21. Nc2 Nxc2 22. Qxc2 Qf4+ 23. Qf2 Qxf2+ 24. Kxf2 Rxd3 25. Rhc1 Rd7 26. Rc6 Ke7
27. b3 Ra8 28. Rh1 h6 29. g4 Ra7 30. Kf3 Rd6 31. Rxd6 Kxd6 32. Kf4 Ra8 33. g5
hxg5+ 34. Kxg5 Ke5 35. Re1 Rd8 36. Kg4 Rd4 37. Kf3 Rd2 38. Rg1 0-1

[Event "msr_zs_ss_201819"]
[Site "?"]
[Date "2019.03.27"]
[Round "5.9"]
[White "Greno, Pavol"]
[Black "Koska, Jiri"]
[Result "0-1"]
[WhiteElo "1351"]
[BlackElo "1328"]
[PlyCount "100"]
[EventDate "2019.??.??"]
[WhiteClock "0:00:49"]
[BlackClock "0:02:19"]

1. e4 e5 2. f4 exf4 3. Nf3 Nf6 4. e5 Nd5 5. c4 Nb6 6. d4 d6 7. Bxf4 dxe5 8.
Bxe5 Bf5 9. Nc3 N8d7 10. Bg3 Bb4 11. a3 Bxc3+ 12. bxc3 O-O 13. Be2 Re8 14. O-O
Bg4 15. Qc2 Nf6 16. Bh4 Qd6 17. Bxf6 Qxf6 18. Ne5 Qg5 19. Nxg4 Re7 20. Nf2 Rae8
21. Bd3 g6 22. a4 Nd7 23. Rad1 c5 24. Qc1 Qf6 25. d5 Qd6 26. Rde1 Ne5 27. Qd2
Nxd3 28. Nxd3 b6 29. Rxe7 Rxe7 30. Re1 Qd7 31. Rxe7 Qxe7 32. Qe1 Qd7 33. Qe5
Qxa4 34. Qb8+ Kg7 35. d6 Qd1+ 36. Kf2 Qxd3 37. Qc7 Qd2+ 38. Kg3 Qe3+ 39. Kh4
Qf4+ 40. Kh3 h5 41. g3 Qf1+ 42. Kh4 Qxc4+ 43. Kh3 Qg4+ 44. Kg2 Qe2+ 45. Kh3 g5
46. d7 g4+ 47. Kh4 Qxh2+ 48. Kg5 f6+ 49. Kf4 Qf2+ 50. Ke4 Qf3# 0-1

[Event "msr_zs_ss_201819"]
[Site "?"]
[Date "2019.03.27"]
[Round "5.10"]
[White "Jura, Michal"]
[Black "Simon, Leonard"]
[Result "0-1"]
[WhiteElo "1292"]
[BlackElo "1375"]
[PlyCount "58"]
[EventDate "2019.??.??"]
[WhiteClock "0:06:56"]
[BlackClock "0:05:27"]

1. b3 d5 2. Bb2 Bf5 3. e3 e6 4. Nf3 Nf6 5. Nc3 Bd6 6. Be2 c5 7. O-O Nc6 8. Nb5
Be7 9. d4 a6 10. Na3 cxd4 11. Nxd4 Nxd4 12. Qxd4 O-O 13. c4 dxc4 14. Nxc4 Qxd4
15. Bxd4 Rfd8 16. Rfd1 Ne4 17. f3 Nf6 18. e4 Bg6 19. Ne5 Rxd4 20. Rxd4 Bc5 21.
Rad1 Rd8 22. Nxg6 hxg6 23. e5 Nh7 24. Kf1 Rxd4 25. Rxd4 Bxd4 26. f4 g5 27. g3
gxf4 28. gxf4 Be3 29. Bf3 b6 0-1

[Event "msr_zs_ss_201819"]
[Site "?"]
[Date "2019.03.27"]
[Round "5.11"]
[White "Kuzma, Samuel"]
[Black "Mantic, Andrej"]
[Result "1-0"]
[WhiteElo "1394"]
[BlackElo "1000"]
[PlyCount "71"]
[EventDate "2019.??.??"]
[WhiteClock "0:07:41"]
[BlackClock "0:07:13"]

1. d4 d5 2. Bf4 Nc6 3. Nf3 f6 4. c3 Bg4 5. Nbd2 Bxf3 6. Nxf3 g5 7. Bg3 h5 8. h4
Qd7 9. hxg5 fxg5 10. Nxg5 Qf5 11. Nf3 O-O-O 12. e3 Nf6 13. Bd3 Ne4 14. a4 Qg4
15. Bxe4 dxe4 16. Nh4 Qg5 17. Qb3 Rh6 18. Qc2 Qg4 19. b4 a6 20. b5 axb5 21.
axb5 Nb8 22. Ra8 e6 23. b6 c6 24. Rxb8+ Kd7 25. Rxd8+ Kxd8 26. Qa4 Be7 27. Qa8+
Kd7 28. Qxb7+ Ke8 29. Qxc6+ Kf7 30. b7 Bxh4 31. b8=Q Bxg3 32. Qbe8+ Kg7 33.
Qcd7+ Kf6 34. Qdf7+ Kg5 35. Qeg8+ Rg6 36. Qgxg6# 1-0

[Event "msr_zs_ss_201819"]
[Site "?"]
[Date "2019.03.27"]
[Round "5.12"]
[White "Knapova, Nicol"]
[Black "Sekova, Olivia"]
[Result "0-1"]
[WhiteElo "1061"]
[BlackElo "1081"]
[PlyCount "45"]
[EventDate "2019.??.??"]
[WhiteClock "0:04:24"]
[BlackClock "0:07:10"]

1. e4 c5 2. Nc3 Nc6 3. Bc4 g6 4. Nf3 Bg7 5. Ng5 Ne5 6. Bd5 e6 7. d4 cxd4 8.
Nxf7 Nxf7 9. Bxe6 dxe6 10. Nb5 Qa5+ 11. Bd2 Qxb5 12. a4 Qc6 13. Qf3 Ne5 14. Qe2
Nc4 15. b3 d3 16. Qd1 Qxe4+ 17. Kf1 Nxd2+ 18. Qxd2 Bxa1 19. cxd3 Qf5 20. Qe3
Nf6 21. g3 Ng4 22. h3 Nxe3+ 23. Ke2 0-1

[Event "msr_zs_ss_201819"]
[Site "?"]
[Date "2019.03.27"]
[Round "5.13"]
[White "Cedzo, Adam"]
[Black "Ganz, Marek"]
[Result "1-0"]
[WhiteElo "1468"]
[BlackElo "1473"]
[PlyCount "73"]
[EventDate "2019.??.??"]
[WhiteClock "0:03:01"]
[BlackClock "0:00:08"]

1. e4 e5 2. Nf3 Nc6 3. Bc4 Bc5 4. c3 Nf6 5. d4 exd4 6. cxd4 Bb4+ 7. Bd2 Bxd2+
8. Nbxd2 d6 9. O-O O-O 10. h3 h6 11. Nh2 Re8 12. Qb3 Re7 13. d5 Na5 14. Qd3
Nxc4 15. Qxc4 Qe8 16. f3 Nh7 17. Rac1 Nf8 18. Nb3 Ng6 19. Nd4 Ne5 20. Qb3 c6
21. dxc6 bxc6 22. Ng4 Ba6 23. Rf2 Nxg4 24. hxg4 c5 25. Nf5 Rd7 26. Rd2 Rad8 27.
Rcd1 Qf8 28. e5 d5 29. Rxd5 c4 30. Rxd7 Rxd7 31. Qc2 Qd8 32. Rxd7 Qxd7 33. Qc3
Qe6 34. Qd4 Qb6 35. Kf2 Kf8 36. Ke3 Qxd4+ 37. Kxd4 1-0

[Event "msr_zs_ss_201819"]
[Site "?"]
[Date "2019.03.27"]
[Round "5.14"]
[White "Vojtkova, Linda Bernadeta"]
[Black "Gartner, Mikulas"]
[Result "1/2-1/2"]
[WhiteElo "1207"]
[BlackElo "1334"]
[PlyCount "86"]
[EventDate "2019.??.??"]
[WhiteClock "0:00:23"]
[BlackClock "0:00:25"]

1. c4 e5 2. Nc3 Nf6 3. g3 Nc6 4. Bg2 Be7 5. d3 h6 6. Nf3 O-O 7. O-O d6 8. e4
Bg4 9. Be3 Re8 10. h3 Be6 11. Kh2 Qd7 12. Rc1 Rad8 13. a3 b6 14. Qd2 Kh7 15.
Nd5 Nb8 16. Nc3 c6 17. Qc2 Rc8 18. Bd2 Qd8 19. Qd1 Kg8 20. Re1 Nbd7 21. b4 a6
22. a4 Nf8 23. Rb1 Ng6 24. Qc1 Qc7 25. Qd1 d5 26. cxd5 cxd5 27. exd5 Nxd5 28.
Nxd5 Bxd5 29. Rc1 Qb8 30. Qe2 Bd6 31. Qd1 Qb7 32. Qe2 Rcd8 33. Kg1 Rc8 34. Kh2
Rxc1 35. Rxc1 b5 36. axb5 axb5 37. Kg1 Kf8 38. Kh2 e4 39. dxe4 Bxe4 40. Qd1 Rd8
41. Qh1 Be7 42. Re1 Bc6 43. Bc3 Kg8 1/2-1/2

[Event "msr_zs_ss_201819"]
[Site "?"]
[Date "2019.03.27"]
[Round "5.15"]
[White "Kovalcik, Marko"]
[Black "Dzivak, Jan"]
[Result "1/2-1/2"]
[WhiteElo "1244"]
[BlackElo "1386"]
[PlyCount "66"]
[EventDate "2019.??.??"]
[WhiteClock "0:02:31"]
[BlackClock "0:05:58"]

1. e4 e5 2. Nf3 Nc6 3. Bc4 Nf6 4. Ng5 d5 5. exd5 Na5 6. d3 Nxd5 7. Qf3 Nxc4 8.
dxc4 Nf6 9. O-O Qe7 10. Re1 Bg4 11. Qxb7 Rd8 12. Qb5+ Nd7 13. Bf4 f6 14. Nf3
Bxf3 15. gxf3 Qb4 16. Qxb4 Bxb4 17. c3 Be7 18. Be3 Bc5 19. Nd2 Bxe3 20. fxe3
Nb6 21. Rad1 O-O 22. f4 Rfe8 23. fxe5 Rxe5 24. e4 f5 25. Kf2 fxe4 26. Ke3 g5
27. c5 Na4 28. Nc4 Rxd1 29. Rxd1 Rxc5 30. Rd4 Nb6 31. Nxb6 cxb6 32. Kxe4 Rc7
33. Rd5 h6 1/2-1/2